书目信息 |
| 题名: |
宽带上网易学会
|
|
| 作者: | 严智武 编著 | |
| 分册: | ||
| 出版信息: | 上海 上海科学技术出版社 2003.03 |
|
| 页数: | 128页 | |
| 开本: | 18cm | |
| 丛书名: | 电脑易学会丛书 | |
| 单 册: | ||
| 中图分类: | TP393.03 | |
| 科图分类: | ||
| 主题词: | 宽带通信系统--计算机通信网--基本知识 , 宽带通信系统 , 计算机通信网 , 计算机应用 | |
| 电子资源: | ||
| ISBN: | 7-5323-6976-5 | |
| 000 | 00972oam2 2200301 450 | |
| 001 | ZWTS00000075 | |
| 005 | 20060831084252.06 | |
| 010 | @a7-5323-6976-5@dCNY18.00 | |
| 100 | @a20030602d2003 em y0chiy0110 ea | |
| 101 | 0 | @achi |
| 102 | @aCN@b310000 | |
| 105 | @aa z 000yy | |
| 200 | 1 | @a宽带上网易学会@Akuan dai shang wang yi xue hui@f严智武编著 |
| 210 | @a上海@c上海科学技术出版社@d2003.03 | |
| 215 | @a128页@c彩图@d18cm | |
| 225 | 2 | @a电脑易学会丛书 |
| 330 | @a本书除了谈及宽带的选择、安装和测试等基础知识外,一些较深入的方面:加速、共享及自动拨号等设置和使用方法也一一谈到。 | |
| 461 | 0 | @1001002176409@12001 @a电脑易学会丛书 |
| 510 | 1 | @aEasy Way to Broadband@zeng |
| 606 | 0 | @a宽带通信系统@x计算机通信网@x基本知识 |
| 606 | 0 | @a宽带通信系统 |
| 606 | 0 | @a计算机通信网 |
| 606 | 0 | @a计算机应用 |
| 690 | @aTP393.03@v4 | |
| 701 | 0 | @a严智武@Ayan zhi wu@4编著 |
| 801 | 0 | @aCN@bBZT@c20060831 |
| 905 | @aBZT@dTP393.03@e1 | |
| 906 | @dCNY18.00@n0@r1 | |
| 宽带上网易学会/严智武编著.-上海:上海科学技术出版社,2003.03 |
| 128页:彩图;18cm.-(电脑易学会丛书) |
| ISBN 7-5323-6976-5:CNY18.00 |
| 本书除了谈及宽带的选择、安装和测试等基础知识外,一些较深入的方面:加速、共享及自动拨号等设置和使用方法也一一谈到。 |
| ● |
| 相关链接 |
|
|
|
正题名:宽带上网易学会
索取号:TP393.03/1
 
预约/预借
| 序号 | 登录号 | 条形码 | 馆藏地/架位号 | 状态 | 备注 |
| 1 | 452119 | 230065105 | 中心书库中库/ 中库026架B面6列4层27/ [索取号:TP393.03/1] | 在馆 | |
| 2 | 452120 | 230065104 | 中心书库中库/ 中库026架B面6列5层36/ [索取号:TP393.03/1] | 在馆 | |
| 3 | 452121 | 230065103 | 中心书库中库/ 中库026架B面6列4层29/ [索取号:TP393.03/1] | 在馆 | |
| 4 | 452122 | 230065102 | 中心书库中库/ 中库026架B面6列4层28/ [索取号:TP393.03/1] | 在馆 | |
| 5 | 452123 | 230065101 | 中心书库中库/ 中库026架B面6列5层35/ [索取号:TP393.03/1] | 在馆 |